00823nam a2200217 a 4500008004100000020001500041050001500056100002800071245007100099250001200170260003300182300002200215350000900237500002900246650001400275650006600289700002500355995008500380999001700465952012300482120416s1973 ||||||||||||||||| || u a007019291x aTP 492 Elo aElonka, Stephen Michael10aStandard refrigeration and air conditioning, questions and answers a2nd ed. aNew York:bMcGraw-Hillc1973 axiii, 321p.: ill. a0.00 aIncludes bibliographies. aTEXTBOOKS aQUESTIONS AND ANSWERS--REFRIGERATIN AND REFRIGERATING MACHINE aMinich, Quaid Walton D0.00FCBU-MAIN LIBRARY (Kitwe)H1I32.50UAVAILABLEZAnnex Low-Usage Collection  c58171d58171 00102lcc4070a001b001cAnnex Low-Usage Collection d2022-11-30l0oTP 492 Elop017683r2022-11-30w2022-11-30y002